000 00335pab a2200145 454500
008 180718b2004 xxu||||| |||| 00| 0 eng d
100 _aTripathy, K.K.
245 _aCooperative credit in rural India
260 _c2004
300 _ap.23-27.
362 _aApr
650 _aAgricultural credit
773 _aYojana
909 _a59981
999 _c59981
_d59981